Statistiken für Alle Wortarten im Deutschen

Klicken Sie hier um das Quiz zu spielen!

Allgemein

  • Dieses Quiz wurde 338 mal gespielt
  • Das Durchschnittsergebnis liegt bei 7 aus 10

Antwortstatistiken

BeispielWortart% Korrekt
HausSubstantive
99%
spielenVerben
98%
gutAdjektive
89%
ichPronomen
80%
derArtikel
79%
baldAdverbien
63%
unterPräpositionen
58%
aberKonjunktionen
44%
zweiNumerale
29%
ohInterjektionen
15%

Verteilung der Resultate

Perzentil nach korrekt beantworteten Fragen

Anzahl Personen mit jedem Resultat

Ihre Resultats-Entwicklung

Sie haben dieses Quiz noch nicht gespielt